000 00291nam a22001337a 4500
008 171017b xxu||||| |||| 00| 0 eng d
020 _a9780072978636
041 _aeng
080 _23RD
_a338
100 _a53
101 _aMEN
245 _aPROJECT MANAGEMENT
_cGRAY,C.F
942 _2udc
_cBK
999 _c34513
_d34513